000 00470nam a2200181Ia 4500
003 GCL
008 140319s9999 xx 000 0 eng d
040 _aGCL /
_cGCL
082 0 4 _a843
_bA A
100 1 _aALTHOEN, STEVEN C.
245 1 0 _aL'AVENIR DURE LONGTEMPS /
_cALTHOEN, STEVEN C.
700 1 _aAL-THUSSER, LOUIS
260 _a[S.N] :
_bLE LIVRE DE POCHE ،
_c1994
300 _a573 P
650 0 4 _aLITERATURE
650 0 4 _aFRENCH LITERATURE
942 _2ddc
_cBK
999 _c22469
_d22469